IFM Opac

ABSENTEEISM AND SOCIAL SECURITY (Record no. 20403)

MARC details
000 -LEADER
fixed length control field 00331nam a22001217a 4500
020 ## - INTERNATIONAL STANDARD BOOK NUMBER
International Standard Book Number 9284310083
082 ## - DEWEY DECIMAL CLASSIFICATION NUMBER
Classification number 331.2598ABC
100 ## - MAIN ENTRY--PERSONAL NAME
Personal name Absenteeism and social security
245 ## - TITLE STATEMENT
Title ABSENTEEISM AND SOCIAL SECURITY
260 ## - PUBLICATION, DISTRIBUTION, ETC.
Place of publication, distribution, etc. Switzerland
Name of publisher, distributor, etc. International Social Security Association
300 ## - PHYSICAL DESCRIPTION
Extent vii,157p
Other physical details ill;22cm
942 ## - ADDED ENTRY ELEMENTS (KOHA)
Koha item type Books
Holdings
Withdrawn status Lost status Damaged status Not for loan Collection code Home library Current library Shelving location Date acquired Total Checkouts Full call number Barcode Date last seen Price effective from Koha item type
        Non-fiction IFM Main Campus Library Active Stack Collection Archival Collection 03/30/2021   331.2598ABC 0000009586 03/05/2021 02/19/2022 Books